八王子駅(JR)から出ている鉄道の行き先 - Statistics

General Stats
  • This quiz has been taken 742 times
  • The average score is 21 of 26
Answer Stats
Answer % Correct
東京
98%
大月
95%
新宿
95%
松本
94%
甲府
94%
高尾
93%
立川
92%
東神奈川
89%
三鷹
88%
高麗川
88%
千葉
83%
橋本
83%
武蔵小金井
82%
桜木町
82%
川越
80%
拝島
80%
小淵沢
77%
町田
77%
竜王
76%
河口湖
75%
大船
75%
南小谷
73%
磯子
69%
成田空港
59%
箱根ケ崎
51%
大宮
49%
No matching quizzes found
Score Distribution
Percent of People with Each Score
Percentile by Number Answered
Your Score History
You have not taken this quiz